000 00411cam a2200157ua 4500
003 OSt
008 241218b |||||||| |||| 00| 0 eng d
041 _aeng
082 _a621.31
_bBER/TR
100 _aBerthelot, Langlois.R .
_96495
245 _aTransformers and Generators for power systems /
250 _a1 /
260 _a :
_bMacdonald & co. publishers Ltd ,
_c1960.
300 _a541 ; .
942 _cBK
999 _c1414
_d1414